000 00694nam a2200289Ia 4500
005 20260324140725.0
008 008 260324s9999 xx 000 0 eng d
020 _a9780203741924
037 _aEBOOK
040 _aCRL
040 _beng
040 _cCRL
041 _2eng
041 _aeng
084 _qCRL
100 _aPaul Harsin
_91205494
245 0 _aProcess Mastering
245 0 _bHow to Establish and Document the Best Known Way to Do a Job
260 _bTaylor and Francis
260 _c1998
365 _a
365 _b290
856 _uhttp://www.taylorfrancis.com/books/9780203741924
942 _cEBOOK
999 _c1807848
_d1807848